|
|
|
|
| LEADER |
00000naa2a2200000 4500 |
| 001 |
145740 |
| 005 |
20231031144202.0 |
| 035 |
|
|
|a (RuTPU)RU\TPU\book\157973
|
| 090 |
|
|
|a 145740
|
| 100 |
|
|
|a 20081021d2003 k y0rusy50 ca
|
| 101 |
0 |
|
|a rus
|
| 102 |
|
|
|a RU
|
| 200 |
1 |
|
|a Опыт использования CASE-средства BP WIN в интеграции с оболочкой создания экспертных систем ЭСИСП-2
|f О. Ю. Ишков, В. А. Силич
|
| 320 |
|
|
|a Библиогр.: 4 назв.
|
| 463 |
|
0 |
|0 (RuTPU)RU\TPU\book\66157
|y 5-98928-001-3
|t Молодежь и современные информационные технологии
|o Сборник трудов региональной научно-практической конференции студентов, г.Томск, 25-26 февраля 2003 г.
|f Томский политехнический университет
|v С. 55-56
|d 2003
|p 190 с.
|
| 610 |
1 |
|
|a экспертные системы
|
| 610 |
1 |
|
|a CASE-средства
|
| 610 |
1 |
|
|a ЭСИСП-2
|
| 610 |
1 |
|
|a энергетика
|
| 610 |
1 |
|
|a программные комплексы
|
| 610 |
1 |
|
|a программные комплексы
|
| 610 |
1 |
|
|a труды учёных ТПУ
|
| 700 |
|
1 |
|a Ишков
|b О. Ю.
|
| 701 |
|
1 |
|a Силич
|b В. А.
|c радиофизик
|c профессор Томского политехнического университета, доктор технических наук
|f 1946-
|g Виктор Алексеевич
|2 stltpush
|3 (RuTPU)RU\TPU\pers\18593
|
| 801 |
|
1 |
|a RU
|b 63413507
|c 20081021
|g PSBO
|
| 801 |
|
2 |
|a RU
|b 63413507
|c 20151105
|g RCR
|
| 942 |
|
|
|c BK
|